Поведение иностранных компаний на российском автомобильном рынке; Менеджмент: век XXI

Bibliografiska uppgifter
Parent link:Менеджмент: век XXI.— 2015.— С. 326-350
Huvudupphovsman: Смирнов С. Р.
Övriga upphovsmän: Мишенина Д. И.
Språk:ryska
Publicerad: 2015
Materialtyp: MixedMaterials Bokavsnitt
KOHA link:https://koha.lib.tpu.ru/cgi-bin/koha/opac-detail.pl?biblionumber=310785

MARC

LEADER 00000naa2a2200000 4500
001 310785
005 20260126155116.0
035 |a (RuTPU)RU\TPU\book\336137 
035 |a RU\TPU\book\336136 
090 |a 310785 
100 |a 20151129d2015 k y0rusy50 ca 
101 0 |a rus 
102 |a RU 
200 1 |a Поведение иностранных компаний на российском автомобильном рынке  |f С. Р. Смирнов, Д. И. Мишенина 
320 |a Библиогр.: с. 350 (17 назв.) 
463 0 |0 (RuTPU)RU\TPU\book\306544  |y 978-5-9776-0353-9  |y 978-5-16-010659-5  |t Менеджмент: век XXI  |o сборник статей  |f под ред. О. С. Виханского, А. И. Наумова  |v С. 326-350  |d 2015 
700 1 |a Смирнов  |b С. Р. 
701 1 |a Мишенина  |b Д. И. 
801 1 |a RU  |b 63413507  |c 20151121 
801 2 |a RU  |b 63413507  |c 20151129  |g RCR 
942 |c BK